000 00414nam a2200133Ia 4500
008 231129s1995||||xx |||||||||||||| ||spa||
020 _a958-9176-32-1
040 _bspa
082 _a384.55 N962
245 0 _aEl nuevo aire de la television colombiana: entre la libertad y la incertidumbre
260 _c1995
264 _aPontificia Universidad Javeriana
942 _2ddc
_cBKS
999 _c11880
_d11880